000
00287 a2200133 4500
001
195123
040
_c
Magnum
100
_a
Nunes, Lygia Bojunga
240
1
0
_a
A bolsa amarela
_l
por
245
1
0
_a
A bolsa amarela
300
_a
135
697
_a
LITERATURA INFANTO-JUVENIL
942
_c
BK
999
_c
195123
_d
195123